banner-ar

نكت الهميان فى نكت العميان / (Record no. 33148)

MARC details
000 -الفاتح
حقل البيانات ثابتة الطول 00867nam a2200241Ia 4500
005 - وقت وتاريخ اخر تعامل مع التسجيلة
رقم الضبط 20240530102557.0
008 - عناصر البيانات ثابتة الطول - معلومات عامة
حقل البيانات ثابتة الطول 140319s1911 xx 000 0 ara d
040 ## - مصدر الفهرسة
وكالة الفهرسة الأصلية GCL /
وكالة النسخ GCL
082 04 - رقم تصنيف ديوى العشرى
رقم التصنيف 920 /
رقم المادة ص ن
100 1# - المدخل الرئيسى - إسم شخصى
الإسم الشخصى الصفدى ,صلاح الدين خليل
245 10 - بيان العنوان
العنوان نكت الهميان فى نكت العميان /
بيان المسئوليه,etc تاليف الصفدى ,صلاح الدين خليل
260 ## - PUBLICATION, DISTRIBUTION, ETC. (IMPRINT)
تاريخ النشر أو التوزيع 1911
300 ## - الوصف المادى
التعداد 320 ص،
تفاصيل ماديه اخرى للوعاء 24 سم
611 ## - المدخل الاضافى بالموضوع - عنوان مؤتمر
اسم المؤتمر أو اسم السلطة كمدخل المؤتمر الدولى الرابع لتحسين حالة العميان
650 04 - المدخل الاضافى بالموضوع-مصطلح موضوعى
مصطلح موضوعي الشعر العربى
650 04 - المدخل الاضافى بالموضوع-مصطلح موضوعى
مصطلح موضوعي الادب العربى
650 04 - المدخل الاضافى بالموضوع-مصطلح موضوعى
مصطلح موضوعي الادب
650 04 - المدخل الاضافى بالموضوع-مصطلح موضوعى
مصطلح موضوعي الادباء
650 04 - المدخل الاضافى بالموضوع-مصطلح موضوعى
مصطلح موضوعي المجموعات
700 1# - المدخل الاضافى - اسم شخصى
الإسم الشخصى احمد زكى
942 ## - عناصر المدخل الإضافي( كوها)
مصدر التصنيف او مخطط الترفيف Dewey Decimal Classification
Koha [default] item type كتاب
260 ## - PUBLICATION, DISTRIBUTION, ETC. (IMPRINT)
-- القاهرة :
-- المطبعة الجمالية ،
Holdings
حالة التراجع حالة الفقد حالة تلف ليس للاعارة المكان المؤقت الموقع الحالى تاريخ الاكتساب اجمالي اﻻعارات رقم الطلب الباركود تاريخ اخر مشاهدة تاريخ تفعيل السعر نوع وعاء كوها موقع الترفيف
        مكتبة القاهرة الكبرى مكتبة القاهرة الكبرى 03/26/2014   920\ص ن 78746 03/26/2014 03/26/2014 كتاب  
        مكتبة القاهرة الكبرى مكتبة القاهرة الكبرى 09/20/2022   920 / ص ن 168534 09/20/2022 09/20/2022 كتاب ق الرئيسية_التاريخ والجغرافيا_ك عربى

Powered By

EGPV